Loreto College Library, Kolkata
WEBOPAC (ONLINE PUBLIC ACCESS CATALOGUE)

Outstanding lessons (Record no. 42452)

MARC details
000 -LEADER
fixed length control field 00563nam a22002177a 4500
005 - DATE AND TIME OF LATEST TRANSACTION
control field 20191119112224.0
008 - FIXED-LENGTH DATA ELEMENTS--GENERAL INFORMATION
fixed length control field 191119b xxu||||| |||| 00| 0 eng d
020 ## - ISBN | অাই এস বি এন
ISBN | অাই এস বি এন 9781472905307
PRICE Rs 499
040 ## - CATALOGING SOURCE
Language of cataloging eng
041 ## - LANGUAGE CODE
Language code English
082 ## - DDC | ডিউই
Classification number | বর্গসংখ্যা 371.1
Book Number | গ্রন্থাঙ্ক MAC
100 ## - MAIN ENTRY--PERSONAL NAME | মুখ্য সংলেখ - ব্যাক্তিনাম
Personal name | ব্যাক্তিনাম McGill, Ross Morrison
245 ## - TITLE STATEMENT | অাখ্যা বিবরণী
Title | অাখ্যা Outstanding lessons
Statement of responsibility | লেখকের দায়িত্বের বিবরণ Ross Morrison McGill
260 ## - IMPRINT | প্রকাশনা ক্ষেত্র
Place of publication | প্রকাশ স্থান London
Name of publisher | প্রকাশকের নাম Bloomsbury
Date of publication | প্রকাশ কাল 2013
300 ## - PHYSICAL DESCRIPTION |
Page / Vol. No | পৃষ্ঠা / খন্ড সংখ্যা xii,131p
Other physical details | অনান্য বাহ্যিক বিবরণ 19 cm
440 ## - SERIES STATEMENT |গ্রন্থমালা
Series Title | গ্রন্থমালা অাখ্যা 100 ideas for secondary teachers
650 ## - SUBJECT ADDED ENTRY--TOPICAL TERM | বিষয় শিরোনাম - মূল বিষয়
Topical term | মূল বিষয় Lesson planning
650 ## - SUBJECT ADDED ENTRY--TOPICAL TERM | বিষয় শিরোনাম - মূল বিষয়
Topical term | মূল বিষয় Teaching
850 ## - HOLDING INSTITUTION
Holding institution LCBED
942 ## - ADDED ENTRY ELEMENTS (KOHA)
Koha item type Books
Holdings
Withdrawn status Lost status Source of classification Damaged status Not for loan Home library Current library Shelving location Date acquired Price Total Checkouts Full call number Accession No. Date last seen Price effective from Koha item type
    Dewey Decimal Classification     Loreto College Loreto College BEd 19/11/2019 499.00   371.1 MAC 15523 46472 19/11/2019 19/11/2019 Books